000 nam a22 7a 4500
999 _c9406
_d9406
008 180129b ||||| |||| 00| 0 eng d
100 _aNeeraj Publication
_91868
245 _aHome science : Reference Book - X
260 _aDelhi
_bNeeraj Publication
_c2007